DTM Fahrer 2012 - Statistiken

Allgemein
  • Dieses Quiz wurde 4 mal gespielt
  • Das Durchschnittsergebnis liegt bei 20 aus 22
Antwortstatistiken
Team Nummer Marke Nation Fahrer % Korrekt
BMW-Team-RBM 15 BMW Großbritannien Andy Priaulx
100%
BMW-Team-RBM 16 BMW Brasilien Augusto Farfus
100%
BMW-Team-Schnitzer 7 BMW Kanada Bruno Spengler
100%
Audi Sport Team Rosberg 21 Audi Italien Edoardo Mortara
100%
Audi Sport Team Rosberg 22 Audi Portugal Felipe Albuquerque
100%
Thomas Sabo/ Mercedes-Benz Bank AMG-Mercedes 11 Mercedes Großbritannien Gary Paffett
100%
AMG-Mercedes 5 Mercedes Großbritannien Jamie Green
100%
BMW-Team-RMG 2 BMW USA Joey Hand
100%
BMW-Team-RMG 1 BMW Deutschland Martin Tomczyk
100%
Audi Sport Team Abt Sportsline 3 Audi Schweden Mattias Ekström
100%
Audi Sport Team Phoenix 10 Audi Spanien Miguel Molina
100%
Audi Sport Team Phoenix 9 Audi Deutschland Mike Rockenfeller
100%
Audi Sport Team Abt 17 Audi Schweiz Rahel Frey
100%
AMG-Mercedes 6 Mercedes Deutschland Ralf Schumacher
100%
DHL Packet/Stern Mercedes AMG-Mercedes 20 Mercedes Kanada Robert Wickens
100%
Junge Sterne/ TV-Spielfilm Mercedes AMG-Mercedes 24 Mercedes Großbritannien Susie Wolff
100%
Audi Sport Team Abt Sportsline 4 Audi Deutschland Timo Scheider
100%
Thomas Sabo/ Mercedes-Benz Bank AMG-Mercedes 12 Mercedes Deutschland Christian Vietoris
67%
DHL Packet/Stern Mercedes AMG-Mercedes 19 Mercedes Großbritannien David Coulthard
67%
BMW-Team-Schnitzer 8 BMW Deutschland Dirk Werner
67%
Junge Sterne/ TV-Spielfilm Mercedes AMG-Mercedes 23 Mercedes Spanien Roberto Mehri
67%
Audi Sport Team Abt 18 Audi Frankreich Adrien Tambay
33%
Keine übereinstimmenden Quizze gefunden
Verteilung der Resultate
Anzahl Personen mit jedem Resultat
Perzentil nach korrekt beantworteten Fragen
Ihre Resultats-Entwicklung
Sie haben dieses Quiz noch nicht gespielt